000 00621 a2200229 4500
001 148679
003 OSt
005 20211001125924.0
008
020 _a9781466569171
082 _a004.6782
_bC62C
100 1 _aLi, Kaun-Ching
245 1 _aCloud computing and digital media
_cby Kaun-Ching Li, Qing Li and Timothy K Shih
260 _aBoca Raton
_bCRC Press
_c2014
300 _a401p.
653 _aComputer Science
653 _aCloud computing
653 _aComputer storage devices
700 _aLi, Qing et. Al.
700 _aShih, Timothy K
942 _2ddc
_cBK
999 _c13550
_d13550